000
00324pam a2200133a 44500
008
230405s1986 xxu||||| |||| 00| 0 eng d
041
_a
ENG
100
_a
Bernard Grob
245
_a
Basic Electronics
260
_a
_b
Mcgraw Hill Book company
_c
1986
300
_a
350p.
690
_a
SR.COLLEGE REGULAR GRANT
906
_a
55
999
_c
291398
_d
291398